A TEXTBOOK OF PHARMACEUTICAL MANUFACTURING TECHNOLOGY (Record no. 26404)

MARC details
000 -LEADER
fixed length control field 00406nam a22001577a 4500
003 - CONTROL NUMBER IDENTIFIER
control field SGT
020 ## - INTERNATIONAL STANDARD BOOK NUMBER
International Standard Book Number 9781543345353
082 ## - DEWEY DECIMAL CLASSIFICATION NUMBER
Classification number 615.4
Item number P21C
100 ## - MAIN ENTRY--PERSONAL NAME
Personal name CHATUR, VIBHAVARI,M,
245 ## - TITLE STATEMENT
Title A TEXTBOOK OF PHARMACEUTICAL MANUFACTURING TECHNOLOGY
260 ## - PUBLICATION, DISTRIBUTION, ETC. (IMPRINT)
Place of publication, distribution, etc PUNJAB
Name of publisher, distributor, etc S.VIKASH
Year of Publication 2021
300 ## - PAGE DESCRIPTION
No. of Pages 261
650 ## - SUBJECT ADDED ENTRY--TOPICAL TERM
Topical term or geographic name as entry element PHARMACEUTICS
653 ## - KEYWORDS--INDEX TERM
Keyword term PHARMACEUTICS, MANUFACTURING, TECHNOLOGY
942 ## - ADDED ENTRY ELEMENTS (KOHA)
Source of classification or shelving scheme Dewey Decimal Classification
Koha item type Books
Holdings
Withdrawn status Lost status Source of classification or shelving scheme Damaged status Not for loan Collection code Home library Current library Shelving location Date acquired Cost, normal purchase price SGTU Total Checkouts Full call number Accession No. (Barcode) Date last seen Bill Date Koha item type
    Dewey Decimal Classification     PHARMACY SGT FA-FP Library SGT FA-FP Library Text Book 27/05/2024 375.00 SGTU   615.4 P21C FP4706 27/05/2024 27/05/2024 Books